000 00315 a2200097 4500
020 _a9789364879552
100 _aRamachandra Guha, N. K. Bhoopesh, tr.
245 _aVimathar Britishrajinethire(വിമതർ ബ്രിട്ടീഷ് രാജിനെതിരെ)
260 _bD C books
_c2024
942 _cOO
999 _c115361
_d115360